00517nam a22001337a 4500003000900000005001700009008004100026040002500067082001500092110005200107245013600159260006200295300002600357DO-SdBNP20220120092124.0220120b2016 ||||| |||| 00| 0 spa d aDO-SdBNPbspacBNPHU axxxbR426t aRepública Dominicana.bMinisterio de la Mujer aTrabajo no remunerado en República Domicana :banálisis a partir de los datos del módulo de uso del tiempo de la enhogar 2016 aSanto Domingo :bOficina Nacional de Estadística,c2016 a97 p. :bil. ;c23 cm